000 00445nam a22001937a 4500
003 UA-OsUOA
001 3219
007 ta
008 20050721b un ||||| |||| 00| 0 ukr d
100 _aКозовик
700 _aІ. Я.
700 _aШипайло
700 _aЛ. Д.
942 _cBK
040 _aUA-OsUOA
_cUA-OsUOA
_dUA-OsUOA
245 _aПідручник латинської мови.
_bLatin
955 _a2
650 7 _2UDC
999 _c289381
_d289381